000 00676nam a2200289Ia 4500
005 20260324133337.0
008 008 260324s9999 xx 000 0 eng d
020 _a9781315698113
037 _aEBOOK
040 _aCRL
040 _beng
040 _cCRL
041 _2eng
041 _aeng
084 _qCRL
100 _aDeborah M. Figart; Ellen Mutari
_91192737
245 0 _aWomen and the Economy: A Reader
245 2 _bA Reader
260 _bTaylor and Francis
260 _c2003
365 _a
365 _b170
856 _uhttp://www.taylorfrancis.com/books/9781315698113
942 _cEBOOK
999 _c1791673
_d1791673